| 000 | 004780000a22001930004500 | ||
|---|---|---|---|
| 003 | LK-CoMWRAF | ||
| 005 | 20231007233125.0 | ||
| 008 | 230817t2005 ||||| |||| 00| 0 eng d | ||
| 020 | _a9558095990 | ||
| 040 |
_aLK-CoMWRAF _dLK-CoMWRAF _eLK-CoMWRAF |
||
| 041 | _aeng | ||
| 082 |
_a821 _bMUL |
||
| 100 | _aMuller, Carl | ||
| 245 | _aA Bedlam of Persuasions | ||
| 260 |
_aColombo: _bVijitha Yapa, _c2005 |
||
| 300 | _a89 p. ; 22 cm. | ||
| 650 | _aENGLISH POETRY | ||
| 942 | _cBK | ||
| 999 |
_c1155 _d1155 |
||